| 000 | 00484nam a2200157 i 4500 | ||
|---|---|---|---|
| 001 | 43748 | ||
| 003 | ES-MaACL | ||
| 005 | 20230906160853.0 | ||
| 007 | t| | ||
| 008 | 030318s1933 fr ||||1| fre d | ||
| 100 | 1 |
_aCaullery, Maurice. _937112 |
|
| 245 | 1 | 3 |
_aLa science française depuis le XVII siecle / _cpar Maurice Caullery. |
| 260 |
_aParis : _bArmand Colin, _c1933 ( _eOrleans : _fImp. H. Tessier) |
||
| 300 |
_a214 p. : _bil. ; _c18 cm. |
||
| 852 |
_aES-MaACL _jF-15407 _bR.19277 |
||
| 999 |
_c43748 _d43748 |
||